00577cam a22002291 4500001001300000003000400013005001700017008004100034010001700075035002000092040001800112042001200130050001700142100002700159245003000186260001100216300002300227500001400250504003000264650003600294999001700330sa 68000512 DLC20260227112424.0890427s1966 ii b 000 0 hino  asa 68000512  a(OCoLC)19614286 aDLCcWaUdDLC apremarc00aPK1939b.J291 aJain, Maidayal,d1901-10aHindī śabda-racanā. c[1966] a28, 320 p.c19 cm. aIn Hindi. aBibliography: p. 312-320. 0aHindi languagexWord formation. c77260d77260